عرض عادي عرض مارك
  • Vallerand, April Hazard.

مدخل إسم شخص

عدد التسجيلات المستخدمة في: 1

001 - رقم الضبط

  • حقل الضبط: 5775

003 - معرف رقم الضبط

  • حقل الضبط: OSt

005 - تاريخ ووقت أخر عملية

  • حقل الضبط: 20111027034911.0

008 - عناصر بيانات ثابتة الطول

  • حقل تحكم ثابت الطول: 111027|||a|||||| | ||| d

040 ## - مصدر الفهرسة

  • هيئة الفهرسة الأصلية: OSt
  • وكالة الكتابة: OSt

100 ## - مدخل -- أسم شخص

  • إسم شخص: Vallerand, April Hazard.

670 ## - بيانات المصدر موجوده

  • الاستشهاد بالمصدر: Work cat.: (OSt)770: Deglin, Judith Hopfer, 1950- 4752, Davis's drug guide for nurses /, [2005].